design : (Record no. 189279)
[ view plain ]
| 000 -LEADER | |
|---|---|
| fixed length control field | 02482nam a2200385 i 4500 |
| 005 - DATE AND TIME OF LATEST TRANSACTION | |
| control field | 20221003121115.0 |
| 008 - FIXED-LENGTH DATA ELEMENTS--GENERAL INFORMATION | |
| fixed length control field | 221003t20152021enko e 001 0 eng d |
| 020 ## - INTERNATIONAL STANDARD BOOK NUMBER | |
| International Standard Book Number | 9780241412954 |
| Terms of availability | RM 145.00 |
| Qualifying information | hardback |
| 040 ## - CATALOGING SOURCE | |
| Original cataloging agency | PPAK |
| Language of cataloging | eng |
| Transcribing agency | PPAK |
| Description conventions | rda |
| 082 04 - DEWEY DECIMAL CLASSIFICATION NUMBER | |
| Edition number | 23 |
| Classification number | 745.4 |
| 090 0# - LOCALLY ASSIGNED LC-TYPE CALL NUMBER (OCLC); LOCAL CALL NUMBER (RLIN) | |
| Classification number (OCLC) (R) ; Classification number, CALL (RLIN) (NR) | 745.4 |
| Feature heading | BLA |
| Feature heading | R |
| 100 1# - MAIN ENTRY--PERSONAL NAME | |
| Personal name | Black, Alexandra, |
| Relator term | author. |
| 245 10 - TITLE STATEMENT | |
| Title | design : |
| Remainder of title | THE DEFINITIVE VISUAL GUIDE / |
| Statement of responsibility, etc. | Writers Alexandra Black, R.G. Grant, Ann Kay, Philip Wilkinson, Lain Zaczek ; Editors Anna Fischel, Sammy Kennedy, Stuart Neilson |
| 250 ## - EDITION STATEMENT | |
| Edition statement | NEW EDITION |
| 264 #1 - PRODUCTION, PUBLICATION, DISTRIBUTION, MANUFACTURE, AND COPYRIGHT NOTICE | |
| Place of production, publication, distribution, manufacture | London : |
| Name of producer, publisher, distributor, manufacturer | Dorling Kindersley Limited , |
| Date of production, publication, distribution, manufacture, or copyright notice | ©2021 |
| Date of production, publication, distribution, manufacture, or copyright notice | ©2015 |
| 300 ## - PHYSICAL DESCRIPTION | |
| Extent | 400 pages : |
| Other physical details | colour photograph; |
| Dimensions | 31 x 26 cm. |
| 336 ## - CONTENT TYPE | |
| Source | rdacontent |
| Content type term | text |
| -- | still images. |
| 337 ## - MEDIA TYPE | |
| Source | rdamedia |
| Media type term | unmediated |
| 338 ## - CARRIER TYPE | |
| Source | rdacarrier |
| Carrier type term | volume |
| 500 ## - GENERAL NOTE | |
| General note | Includes index. |
| 520 ## - SUMMARY, ETC. | |
| Summary, etc. | Discover the history of design with this gorgeous visual celebration of key pieces, movements, and designers, from the Arts and Craft movement to the digital age. Arranged chronologically, Design traces the evolution of design from its roots to the present, from early chairs, pottery, and homewares to cars, graphic design and product design. It introduces all the key designers, manufacturers, and objects, illustrating how and why different styles emerged and became popular. It also provides a fascinating insight into design movements, showing how each one began and explaining its philosophy and visual style, from the Arts and Crafts movement to mid-century modern and contemporary. Featuring expert analysis, stunning photography, and a huge range of objects both familiar and extraordinary, Design explains what makes a truly great design and reveals the hidden stories behind the everyday things all around us. With profiles of famous designers and manufacturers, such as William Morris, the Bauhaus, Alvar Aalto, Frank Lloyd Wright, and Vitra, and stunning images of iconic buildings and interiors, it provides a glorious and comprehensive view of classic design across the last two centuries |
| 650 10 - SUBJECT ADDED ENTRY--TOPICAL TERM | |
| Topical term or geographic name entry element | Design |
| Topical term or geographic name entry element | Art and design |
| Topical term or geographic name entry element | Decorative arts |
| Topical term or geographic name entry element | Art and history |
| 700 1# - ADDED ENTRY--PERSONAL NAME | |
| Personal name | Grant, R.G., |
| Relator term | author. |
| Personal name | Kay, Ann, |
| Relator term | author. |
| Personal name | Wilkinson, Philip, |
| Relator term | author. |
| Personal name | Zaczek, Lain, |
| Relator term | author. |
| Personal name | Fischel, Anna, |
| Relator term | editor. |
| Personal name | Kennedy, Sammy, |
| Relator term | editor. |
| Personal name | Neilson, Stuart, |
| Relator term | editor. |
| 942 ## - ADDED ENTRY ELEMENTS (KOHA) | |
| Source of classification or shelving scheme | Dewey Decimal Classification |
| Koha item type | Book |
| Withdrawn | Not for loan | Current library | Shelving location | Date acquired | Total Checkouts | Full call number | Barcode | Date last seen | Koha item type |
|---|---|---|---|---|---|---|---|---|---|
| Not For Loan | Perpustakaan Alor Setar | Rujukan Dewasa | 16/10/2022 | R 745.4 BLA | A01751451 | 16/10/2022 | Book | ||
| Not For Loan | Perpustakaan Awam Sungai Petani | Rujukan Dewasa | 16/10/2022 | R 745.4 BLA | A01751452 | 16/10/2022 | Book | ||
| Not For Loan | Perpustakaan Kulim | Rujukan Dewasa | 16/10/2022 | R 745.4 BLA | A01751453 | 16/10/2022 | Book |